000
00315 a2200133 4500
001
47965
040
_c
Anchieta - Aquarius
100
_a
Nascimento, Devison Amorim do
240
1
0
_a
Eu que vi, eu que vi
_l
por
245
1
0
_a
Eu que vi, eu que vi
300
_a
21
650
4
_a
Literatura infanto-juvenil
942
_c
BK
999
_c
47965
_d
47965